000 00807nam a2200253Ia 4500
003 OSt
005 20220923222939.0
006 a|||||r|||| 00| 0
007 ta
008 220922b |||||||| |||| 00| 0 hin d
024 _a208,952
037 _cTextual
040 _aARTS
_cARTS
_bhin
041 _2hin
_ahin
082 _aO152,3N349,GK, M3
100 _aजवाहर सिंह
245 0 _aगूंगे कंठ की पुकार
246 _aGūange kanṭha kī pukāra
260 _aनई दिल्ली
_b नेशनल पब्लि हा0
_c1983
300 _a85पृ.
_ccm.
650 _aहिन्दी साहित्य
_9156264
942 _hO152,3N349,GK, M3
_cTEXL
_2CC
999 _c359539
_d359539